[Event "Maikop University"]
[Site "Maikop"]
[Date "1998.06.08"]
[Round "8"]
[White "Korneev Oleg"]
[Black "Prokopchuk Evgeny"]
[Result "1/2-1/2"]
[WhiteElo "2560"]
[BlackElo "2500"]
[PlyCount "88"]
[EventDate "1998.06.01"]

1. e4 c5 2. Nf3 d6 3. d4 cxd4 4. Nxd4 Nf6 5. Nc3 a6 6. Be3 e6 7. f3 Nbd7 8. Qd2
b5 9. O-O-O Bb7 10. g4 h6 11. Bd3 b4 12. Nce2 e5 13. Nf5 d5 14. f4 dxe4 15. Bc4
Qc7 16. Bb3 Nc5 17. fxe5 Nxb3+ 18. axb3 Nd5 19. Nf4 Nxe3 20. Nxe3 Rd8 21. Qxd8+
Qxd8 22. Rxd8+ Kxd8 23. Rd1+ Kc8 24. Nc4 Bc5 25. Nd6+ Bxd6 26. Rxd6 Re8 27. e6
Re7 28. Kd2 g5 29. exf7 Rxf7 30. Ne6 Kb8 31. Ke2 Bc8 32. Nd4 Bxg4+ 33. Ke3 h5
34. Rxa6 Rf1 35. Kxe4 Rf2 36. Rg6 Rxh2 37. Rxg5 Bd1 38. Rg7 h4 39. Nc6+ Kc8 40.
Nxb4 h3 41. Rh7 Rh1 42. Kf4 Rf1+ 43. Kg3 Rf3+ 44. Kh2 Bxc2 1/2-1/2

[Event "Maikop University"]
[Site "Maikop"]
[Date "1998.06.08"]
[Round "8"]
[White "Khasin Alexander"]
[Black "Tregubov Pavel V"]
[Result "1/2-1/2"]
[WhiteElo "2495"]
[BlackElo "2560"]
[PlyCount "67"]
[EventDate "1998.06.01"]

1. c4 e6 2. g3 d5 3. Bg2 c6 4. Qc2 dxc4 5. Qxc4 b5 6. Qb3 Bb7 7. a4 a6 8. axb5
axb5 9. Rxa8 Bxa8 10. Qa2 Bb7 11. Qa7 Qc8 12. Nf3 Nd7 13. O-O Bc5 14. Qa2 Ngf6
15. d4 Be7 16. Nc3 O-O 17. Be3 b4 18. Na4 Qa8 19. b3 Nd5 20. Bg5 c5 21. Bxe7
Nxe7 22. Qd2 cxd4 23. Qxd4 Nd5 24. e4 N5f6 25. Nd2 Qa5 26. Nc4 Qh5 27. Ne3 Ba6
28. Re1 Ne5 29. f4 Nf3+ 30. Bxf3 Qxf3 31. Nc5 Bb5 32. Qxb4 Bc6 33. Nf1 h5 34.
Re3 1/2-1/2

[Event "Maikop University"]
[Site "Maikop"]
[Date "1998.06.08"]
[Round "8"]
[White "Poluljahov Aleksandr"]
[Black "Drozdov Igor"]
[Result "1/2-1/2"]
[WhiteElo "2505"]
[BlackElo "2440"]
[PlyCount "43"]
[EventDate "1998.06.01"]

1. d4 Nf6 2. c4 g6 3. Nc3 Bg7 4. e4 d6 5. h3 O-O 6. Bg5 Na6 7. Nf3 e5 8. d5 Qe8
9. g4 Nd7 10. Rg1 Kh8 11. Qd2 Ndc5 12. Nh4 c6 13. Rb1 cxd5 14. exd5 e4 15. Nb5
f6 16. Be3 Qe7 17. b4 Nd3+ 18. Bxd3 exd3 19. Kf1 Bd7 20. Qxd3 f5 21. g5 Rae8
22. Ng2 1/2-1/2

[Event "Maikop University"]
[Site "Maikop"]
[Date "1998.06.08"]
[Round "8"]
[White "Khalifman Alexander"]
[Black "Balashov Yuri S"]
[Result "1/2-1/2"]
[WhiteElo "2660"]
[BlackElo "2555"]
[PlyCount "139"]
[EventDate "1998.06.01"]

1. d4 Nf6 2. c4 e6 3. Nf3 Bb4+ 4. Nbd2 b6 5. a3 Bxd2+ 6. Bxd2 Bb7 7. Bg5 d6 8.
e3 Nbd7 9. Qc2 c5 10. Rd1 Qc7 11. dxc5 bxc5 12. Nd2 O-O 13. f3 Qb6 14. Be2 Bc6
15. O-O Rab8 16. Rb1 a5 17. Bf4 Ne5 18. Rfd1 Qb7 19. Bg3 Ng6 20. Rbc1 Nh5 21.
Be1 Qb6 22. Rb1 d5 23. Bf2 Rfc8 24. Rdc1 Bd7 25. b3 Qd8 26. a4 h6 27. Nf1 Nf6
28. Bg3 Rb7 29. cxd5 Nxd5 30. e4 Nb4 31. Qd2 e5 32. Ne3 Qg5 33. Nc4 Qxd2 34.
Nxd2 Be6 35. Nc4 Bxc4 36. Bxc4 Nf4 37. Rd1 Ra7 38. Bb5 Rb8 39. Rd2 g5 40. Rc1
Rc7 41. Kf1 Kg7 42. Rd6 Na2 43. Rc2 Nb4 44. Rcd2 Rcb7 45. Ke1 Re7 46. Kd1 Rbb7
47. Kc1 Nh5 48. Kb2 Nxg3 49. hxg3 Rec7 50. Kc3 h5 51. Kc4 h4 52. gxh4 gxh4 53.
Rd7 Kh6 54. R2d6+ Kg5 55. Rxc7 Rxc7 56. Rd8 Kf4 57. Rh8 Kg3 58. Rg8+ Kf2 59.
Rg4 Nc2 60. Rxh4 Ne3+ 61. Kc3 Nxg2 62. Rh5 f6 63. Rh6 Kxf3 64. Rxf6+ Nf4 65.
Rc6 Ra7 66. Rxc5 Kxe4 67. Bc4 Kf5 68. b4 axb4+ 69. Kxb4 Ne6 70. Bxe6+ 1/2-1/2

[Event "Maikop University"]
[Site "Maikop"]
[Date "1998.06.08"]
[Round "8"]
[White "Kiriakov Petr"]
[Black "Epishin Vladimir"]
[Result "1-0"]
[WhiteElo "2495"]
[BlackElo "2590"]
[PlyCount "99"]
[EventDate "1998.06.01"]

1. d4 Nf6 2. c4 e6 3. Nc3 Bb4 4. Qc2 O-O 5. a3 Bxc3+ 6. Qxc3 b6 7. Bg5 c5 8.
dxc5 bxc5 9. e3 h6 10. Bh4 d6 11. Bd3 Nbd7 12. Nf3 Bb7 13. O-O a5 14. Nd2 Qb6
15. f3 Rfe8 16. Rfe1 d5 17. Qc2 Rab8 18. Rab1 Bc6 19. Bf2 a4 20. Rec1 Qa7 21.
h3 d4 22. Re1 e5 23. Bf5 Re7 24. Bh4 Rbe8 25. Rbd1 Qb6 26. Nf1 g6 27. Bd3 Kg7
28. Ng3 Re6 29. Rd2 Rb8 30. Rf2 Qc7 31. Qc1 Ree8 32. Nf1 Rb6 33. Bg3 Qb7 34.
exd4 cxd4 35. c5 Rb3 36. Bc4 Nh5 37. Bxb3 Qxb3 38. Bh2 Qd5 39. Rd2 f6 40. Ne3
Qb3 41. Nc4 Rc8 42. Nd6 Rf8 43. f4 d3 44. fxe5 fxe5 45. Bxe5+ Nxe5 46. Rxe5 Ng3
47. Re7+ Kg8 48. Qc4+ Qxc4 49. Nxc4 h5 50. Rxd3 1-0

[Event "Maikop University"]
[Site "Maikop"]
[Date "1998.06.08"]
[Round "8"]
[White "Ivanov Sergey"]
[Black "Kupreichik Viktor D"]
[Result "1/2-1/2"]
[WhiteElo "2570"]
[BlackElo "2505"]
[PlyCount "101"]
[EventDate "1998.06.01"]

1. d4 Nf6 2. c4 e6 3. Nc3 Bb4 4. Qc2 d5 5. a3 Bxc3+ 6. Qxc3 Ne4 7. Qc2 c5 8.
dxc5 Nc6 9. cxd5 exd5 10. Nf3 Bf5 11. b4 O-O 12. Bb2 Re8 13. Rd1 b6 14. e3 bxc5
15. Bb5 Qb6 16. Bxc6 Qxc6 17. Nd4 Qg6 18. Nxf5 Qxf5 19. bxc5 Rac8 20. Bd4 Qg6
21. O-O Nxc5 22. Qxg6 hxg6 23. Rb1 Ne6 24. Rfd1 a6 25. Bb6 Rc4 26. g3 Rb8 27.
Ba5 Rxb1 28. Rxb1 g5 29. Kg2 g4 30. h3 gxh3+ 31. Kxh3 g5 32. Rd1 g4+ 33. Kh4 d4
34. e4 Rc2 35. Rd2 Rxd2 36. Bxd2 Nc5 37. Kxg4 Nxe4 38. Bb4 d3 39. Kf3 d2 40.
Ke2 Nxf2 41. Bxd2 Ne4 42. Bf4 f5 43. Kd3 Kf7 44. Kc4 Ke6 45. Kd4 a5 46. Kc4 Kd7
47. Kd5 a4 48. Be5 Kc8 49. Kc6 Nd2 50. Bf4 Ne4 51. Kb6 1/2-1/2

[Event "Maikop University"]
[Site "Maikop"]
[Date "1998.06.08"]
[Round "8"]
[White "Belozerov Andrei"]
[Black "Ionov Sergey"]
[Result "0-1"]
[WhiteElo "2460"]
[BlackElo "2530"]
[PlyCount "90"]
[EventDate "1998.06.01"]

1. Nf3 Nf6 2. c4 e6 3. Nc3 Bb4 4. Qc2 O-O 5. a3 Bxc3 6. Qxc3 c5 7. g3 d6 8. b4
e5 9. bxc5 e4 10. Nd4 dxc5 11. Nb3 Qe7 12. Bb2 Nc6 13. Bg2 Bf5 14. Qe3 b6 15.
O-O Rfe8 16. d3 Rad8 17. Bxf6 gxf6 18. Rfd1 Qe5 19. dxe4 Rxd1+ 20. Rxd1 Bxe4
21. f4 Qe6 22. Qxe4 Qxe4 23. Bxe4 Rxe4 24. Rd6 Ne7 25. Rd7 Rxe2 26. Rxa7 Nf5
27. Rb7 Ne3 28. Rb8+ Kg7 29. Re8 Rg2+ 30. Kh1 Re2 31. Kg1 Kg6 32. Nd2 Rg2+ 33.
Kh1 Rxd2 34. Rxe3 Rc2 35. Rb3 Rxc4 36. Rxb6 Rc2 37. Rc6 Kf5 38. a4 Kg4 39. Rd6
c4 40. a5 Kf3 41. Rd1 c3 42. h4 Rd2 43. Rf1+ Kxg3 44. a6 c2 45. Rg1+ Kh3 0-1

[Event "Maikop University"]
[Site "Maikop"]
[Date "1998.06.08"]
[Round "8"]
[White "Yakovich Yuri"]
[Black "Rublevsky Sergei"]
[Result "1/2-1/2"]
[WhiteElo "2570"]
[BlackElo "2665"]
[PlyCount "37"]
[EventDate "1998.06.01"]

1. Nf3 d5 2. d4 Nf6 3. c4 dxc4 4. e3 e6 5. Bxc4 c5 6. Qe2 a6 7. dxc5 Bxc5 8.
O-O b5 9. Bd3 Nc6 10. Nc3 Bb7 11. Ne4 Be7 12. Bd2 O-O 13. Rac1 Qd5 14. Nxf6+
Bxf6 15. e4 Qd6 16. Rfd1 Nd4 17. Nxd4 Bxd4 18. Be3 e5 19. Bxd4 1/2-1/2

[Event "Maikop University"]
[Site "Maikop"]
[Date "1998.06.08"]
[Round "8"]
[White "Kharlov Andrei"]
[Black "Sherbakov Ruslan"]
[Result "1/2-1/2"]
[WhiteElo "2560"]
[BlackElo "2555"]
[PlyCount "62"]
[EventDate "1998.06.01"]

1. d4 d5 2. Nf3 e6 3. c4 dxc4 4. e3 a6 5. Bxc4 c5 6. O-O Nf6 7. Bd3 Nbd7 8. Nc3
b6 9. Qe2 Bb7 10. Rd1 Qb8 11. h3 h6 12. a3 Bd6 13. Bc2 O-O 14. dxc5 Bxc5 15. b4
Bd6 16. Bb2 Rd8 17. Rac1 b5 18. Nb1 Bxf3 19. Qxf3 Be5 20. Bd4 Nb6 21. Bc5 Nbd7
22. Bb3 Nxc5 23. Rxd8+ Qxd8 24. Rxc5 Bd6 25. Rc6 Rc8 26. g3 Qd7 27. Rxc8+ Qxc8
28. Qd1 Qc7 29. Kg2 Be7 30. Bc2 Qc6+ 31. Kg1 Nd7 1/2-1/2

[Event "Maikop University"]
[Site "Maikop"]
[Date "1998.06.08"]
[Round "8"]
[White "Shovunov Baatr"]
[Black "Yandemirov Valeri"]
[Result "1/2-1/2"]
[WhiteElo "2475"]
[BlackElo "2545"]
[PlyCount "23"]
[EventDate "1998.06.01"]

1. e4 e5 2. Nf3 Nc6 3. d4 exd4 4. Nxd4 Bc5 5. Be3 Qf6 6. c3 Nge7 7. Bc4 Ne5 8.
Be2 Qg6 9. O-O d6 10. Kh1 Qxe4 11. Nd2 Qg6 12. Bh5 1/2-1/2

[Event "Maikop University"]
[Site "Maikop"]
[Date "1998.06.08"]
[Round "8"]
[White "Hasangatin Ramil"]
[Black "Erendzenov Stanislav"]
[Result "1-0"]
[WhiteElo "2460"]
[BlackElo "2370"]
[PlyCount "51"]
[EventDate "1998.06.01"]

1. e4 e6 2. d3 c5 3. Nf3 d5 4. Qe2 Nc6 5. g3 Nf6 6. Bg2 Be7 7. O-O O-O 8. e5
Nd7 9. c4 dxc4 10. dxc4 Qc7 11. Re1 b6 12. Nc3 a6 13. Bf4 Bb7 14. Nd5 exd5 15.
cxd5 Ncxe5 16. Nxe5 Nxe5 17. Qxe5 Qxe5 18. Bxe5 Rfe8 19. Bc7 b5 20. d6 Bxg2 21.
Kxg2 Bf6 22. Rxe8+ Rxe8 23. d7 Re2 24. Rd1 h5 25. Kf3 Rc2 26. Ke3 1-0

[Event "Maikop University"]
[Site "Maikop"]
[Date "1998.06.08"]
[Round "8"]
[White "Iskusnyh Sergei"]
[Black "Ulibin Mikhail"]
[Result "1-0"]
[WhiteElo "2455"]
[BlackElo "2575"]
[PlyCount "83"]
[EventDate "1998.06.01"]

1. Nf3 c5 2. c4 Nf6 3. Nc3 e6 4. g3 b6 5. Bg2 Bb7 6. O-O d6 7. Re1 Be7 8. e4 a6
9. d4 cxd4 10. Nxd4 Qc7 11. f4 O-O 12. Be3 Re8 13. Rc1 Bf8 14. g4 Nfd7 15. g5
Nc6 16. Nxc6 Bxc6 17. Bf2 Rac8 18. a4 Ba8 19. b3 Nc5 20. h4 d5 21. exd5 Qxf4
22. b4 Nb7 23. Ne4 exd5 24. Bg3 Qf5 25. cxd5 Bxb4 26. Rf1 Rxc1 27. Qxc1 Qd7 28.
Qf4 Nc5 29. Nf6+ gxf6 30. Qxb4 Re2 31. Bf3 Ra2 32. Qxb6 Qc8 33. Rc1 Ra3 34.
Qxc5 Qxc5+ 35. Rxc5 Rxf3 36. Kg2 Ra3 37. Rc8+ Kg7 38. Rxa8 Rxa4 39. d6 Rd4 40.
Rxa6 Kg6 41. gxf6 Kxf6 42. Ra3 1-0

[Event "Maikop University"]
[Site "Maikop"]
[Date "1998.06.08"]
[Round "8"]
[White "Rashkovsky Nukhim N"]
[Black "Lopushnoy Denis"]
[Result "1/2-1/2"]
[WhiteElo "2505"]
[BlackElo "2390"]
[PlyCount "72"]
[EventDate "1998.06.01"]

1. d4 Nf6 2. c4 e6 3. Nf3 Bb4+ 4. Bd2 Qe7 5. g3 Nc6 6. Nc3 Bxc3 7. Bxc3 Ne4 8.
Rc1 O-O 9. Bg2 d6 10. d5 Nd8 11. dxe6 Nxe6 12. O-O f5 13. e3 Kh8 14. b3 a5 15.
Bb2 Bd7 16. Nd4 N6c5 17. a3 Rae8 18. Ba1 Bc8 19. Qe2 Rf6 20. Rfd1 Rh6 21. Qe1
b6 22. b4 axb4 23. axb4 Na6 24. f3 Ng5 25. h4 Nf7 26. f4 c5 27. Nc6 Qxe3+ 28.
Qxe3 Rxe3 29. Kf2 Re8 30. Re1 Rhe6 31. Bd5 Rxe1 32. Rxe1 Rxe1 33. Kxe1 Nh6 34.
b5 Nc7 35. Ne7 Bd7 36. Ke2 Ng4 1/2-1/2

[Event "Maikop University"]
[Site "Maikop"]
[Date "1998.06.08"]
[Round "8"]
[White "Zaitsev Vadim"]
[Black "Vaulin Alexander"]
[Result "0-1"]
[WhiteElo "2425"]
[BlackElo "2535"]
[PlyCount "78"]
[EventDate "1998.06.01"]

1. Nf3 c5 2. g3 Nc6 3. Bg2 e5 4. O-O g6 5. e4 Bg7 6. c3 Nge7 7. d3 O-O 8. Be3
b6 9. d4 exd4 10. cxd4 d5 11. exd5 Nxd5 12. Bg5 f6 13. Bc1 Ba6 14. Re1 Ndb4 15.
Re6 Qd7 16. d5 Rad8 17. Nc3 Qxe6 18. dxe6 Rxd1+ 19. Nxd1 Bc4 20. Ne1 Bxe6 21.
Ne3 Nd4 22. Bd2 Rd8 23. Bxb4 cxb4 24. N1c2 Nxc2 25. Nxc2 Bf8 26. Ne3 Rd2 27. b3
Bc5 28. Bf3 a5 29. Kf1 Bxe3 30. fxe3 Rxh2 31. a3 bxa3 32. Rxa3 Rb2 33. b4 Rxb4
34. Rc3 a4 35. Rc6 Kf7 36. Rc7+ Kf8 37. Rxh7 a3 38. Ra7 a2 39. Ke2 Rb1 0-1

[Event "Maikop University"]
[Site "Maikop"]
[Date "1998.06.08"]
[Round "8"]
[White "Shariyazdanov Andrey"]
[Black "Nevostrujev Vladimir"]
[Result "1-0"]
[WhiteElo "2495"]
[BlackElo "2410"]
[PlyCount "73"]
[EventDate "1998.06.01"]

1. d4 Nf6 2. c4 g6 3. Nc3 Bg7 4. e4 d6 5. Be2 O-O 6. Nf3 e5 7. O-O exd4 8. Nxd4
Re8 9. f3 c6 10. Kh1 a6 11. Nc2 b5 12. Bf4 d5 13. exd5 cxd5 14. cxb5 Nh5 15.
Bc1 Bf5 16. g4 d4 17. gxf5 Qh4 18. Qe1 Qxe1 19. Rxe1 dxc3 20. b4 axb5 21. Be3
Rxe3 22. Nxe3 Nc6 23. Nc2 Nd4 24. Nxd4 Bxd4 25. fxg6 hxg6 26. Bd3 c2 27. Rac1
Bc3 28. Rf1 Ra3 29. Rxc2 Bxb4 30. Bxb5 Ra5 31. Rc8+ Kg7 32. Rb8 Nf4 33. Rb7 Bc3
34. Bc4 Rf5 35. Rd1 Nh3 36. Rdd7 Ng5 37. h4 1-0

[Event "Maikop University"]
[Site "Maikop"]
[Date "1998.06.08"]
[Round "8"]
[White "Gutov Andrey"]
[Black "Totsky Leonid"]
[Result "0-1"]
[WhiteElo "2250"]
[BlackElo "2490"]
[PlyCount "72"]
[EventDate "1998.06.01"]

1. Nf3 d5 2. c4 c6 3. cxd5 cxd5 4. Nc3 Nc6 5. d4 e6 6. Bf4 Nf6 7. e3 Bd6 8. Bd3
Bxf4 9. exf4 Qb6 10. Qd2 Bd7 11. Na4 Qb4 12. Nc5 Ke7 13. a3 Qxd2+ 14. Kxd2 Rhc8
15. b4 a5 16. Nxd7 Nxd7 17. b5 Na7 18. Rhc1 Nb6 19. Rxc8 Naxc8 20. Rc1 Nd6 21.
Ne5 Rc8 22. Rxc8 Nbxc8 23. Kc3 Nb6 24. Kb3 f6 25. Nf3 Nbc4 26. Bxh7 f5 27. Bg8
Nxb5 28. a4 Nbd6 29. Ng5 Nd2+ 30. Kc2 N2e4 31. h4 Nxg5 32. fxg5 g6 33. g3 Ne4
34. h5 gxh5 35. g6 Nf6 36. Bf7 Ng4 0-1

[Event "Maikop University"]
[Site "Maikop"]
[Date "1998.06.08"]
[Round "8"]
[White "Vokarev Sergey"]
[Black "Arkhipov Sergey"]
[Result "1/2-1/2"]
[WhiteElo "2485"]
[BlackElo "2355"]
[PlyCount "68"]
[EventDate "1998.06.01"]

1. e4 c5 2. Nf3 e6 3. b3 d5 4. exd5 exd5 5. Bb5+ Bd7 6. Bxd7+ Qxd7 7. O-O Nc6
8. Re1+ Be7 9. d4 cxd4 10. Nxd4 O-O-O 11. Nxc6 Qxc6 12. Bb2 Bf6 13. Bd4 Kb8 14.
Nc3 Bxd4 15. Qxd4 Nf6 16. a4 a6 17. Re7 Rhe8 18. Qe5+ Qd6 19. Rxe8 Nxe8 20. Qd4
Nf6 21. Ne2 Re8 22. Ng3 g6 23. Rd1 Qc6 24. Qd3 Rc8 25. Rd2 Ne4 26. Nxe4 dxe4
27. Qg3+ Qc7 28. Kf1 f5 29. Qxc7+ Rxc7 30. Ke2 Rc3 31. Kd1 Kc7 32. Rd5 e3 33.
fxe3 Rxe3 34. Kd2 Re4 1/2-1/2

[Event "Maikop University"]
[Site "Maikop"]
[Date "1998.06.08"]
[Round "8"]
[White "Shipov Sergei"]
[Black "Dyachkov Sergej"]
[Result "1-0"]
[WhiteElo "2620"]
[BlackElo "2510"]
[PlyCount "81"]
[EventDate "1998.06.01"]

1. d4 e6 2. c4 f5 3. g3 Nf6 4. Bg2 c6 5. Nf3 d5 6. O-O Bd6 7. Qc2 O-O 8. b3 Qe7
9. Ne5 Nbd7 10. Bb2 Ne4 11. e3 Nxe5 12. dxe5 Bc5 13. Nc3 a5 14. Ne2 b6 15. Rfd1
Bb7 16. Nf4 a4 17. Nd3 axb3 18. axb3 Rxa1 19. Rxa1 Ra8 20. Rxa8+ Bxa8 21. cxd5
exd5 22. Qc1 Qa7 23. Bxe4 fxe4 24. Nxc5 bxc5 25. Ba3 Qe7 26. Qc3 Bb7 27. Bxc5
Qd7 28. Qa5 Bc8 29. e6 Qxe6 30. Qd8+ Kf7 31. Qf8+ Kg6 32. Bd4 Qd7 33. Bxg7 Qxg7
34. Qxc8 Qa1+ 35. Kg2 Qf6 36. Qg4+ Kf7 37. Qf4 Qxf4 38. gxf4 c5 39. Kf1 Ke6 40.
Ke2 Kf5 41. f3 1-0

[Event "Maikop University"]
[Site "Maikop"]
[Date "1998.06.08"]
[Round "8"]
[White "Iljushin Alexei"]
[Black "Kobalija Mihail"]
[Result "0-1"]
[WhiteElo "2460"]
[BlackElo "2500"]
[PlyCount "75"]
[EventDate "1998.06.01"]

1. d4 d5 2. c4 c6 3. Nf3 Nf6 4. Qc2 dxc4 5. Qxc4 Bf5 6. g3 e6 7. Bg2 Nbd7 8.
O-O Be7 9. Nc3 O-O 10. e3 Ne4 11. Ne1 Nd6 12. Qe2 e5 13. dxe5 Nxe5 14. e4 Be6
15. b3 c5 16. Bb2 Nc6 17. Nc2 Bf6 18. f4 Nd4 19. Qf2 Nxc2 20. Qxc2 Bd4+ 21. Kh1
Re8 22. Na4 Rc8 23. Rad1 Bg4 24. Rde1 Qa5 25. Bc3 Qa6 26. f5 f6 27. h3 Bh5 28.
g4 Bf7 29. Bd2 c4 30. b4 c3 31. Bf4 Nc4 32. Nc5 Qb6 33. e5 fxe5 34. Bc1 Qxb4
35. Ne4 Nd2 36. g5 Nxf1 37. f6 Rc6 38. g6 0-1

[Event "Maikop University"]
[Site "Maikop"]
[Date "1998.06.08"]
[Round "8"]
[White "Notkin Maksim"]
[Black "Dmitriev Igor"]
[Result "1/2-1/2"]
[WhiteElo "2505"]
[BlackElo "2405"]
[PlyCount "95"]
[EventDate "1998.06.01"]

1. d4 Nc6 2. c4 e5 3. d5 Nce7 4. Nf3 Ng6 5. h4 Bb4+ 6. Nc3 Bxc3+ 7. bxc3 d6 8.
c5 h6 9. Ba3 Nf6 10. h5 Ne7 11. e4 O-O 12. Nd2 b6 13. cxd6 cxd6 14. f3 Qc7 15.
Nc4 Rd8 16. Rc1 b5 17. Ne3 Rb8 18. Qd2 a5 19. Be2 Bd7 20. g4 Nh7 21. Kf1 Ng5
22. Kg2 Kh7 23. Bd3 Kh8 24. Qe2 Rb7 25. Rc2 Rdb8 26. Rb1 Ng8 27. Bc1 Nf6 28.
Nf1 Nfh7 29. Be3 Kg8 30. Ng3 Kh8 31. Nh1 Nf6 32. Nf2 Kg8 33. Bd2 Qc5 34. Be3
Qc8 35. Kg3 Rc7 36. Rbc1 Be8 37. Qd2 Nfh7 38. Qd1 Nf8 39. Qd2 Qd8 40. Qe2 Qf6
41. Kg2 Nfh7 42. Nh1 Bd7 43. Ng3 Qd8 44. Qf2 Rcb7 45. Rb1 Qc7 46. Bd2 Nf6 47.
Qe2 Qc5 48. Be3 1/2-1/2

[Event "Maikop University"]
[Site "Maikop"]
[Date "1998.06.08"]
[Round "8"]
[White "Rodin Mihail"]
[Black "Vorobiov Evgeny E"]
[Result "1/2-1/2"]
[WhiteElo "2390"]
[BlackElo "2475"]
[PlyCount "115"]
[EventDate "1998.06.01"]

1. e4 c5 2. Nf3 Nc6 3. d4 cxd4 4. Nxd4 Qc7 5. Nc3 e6 6. Be3 a6 7. Bd3 Nf6 8.
Qe2 b5 9. O-O Bb7 10. f4 Bc5 11. Nxc6 Qxc6 12. Bxc5 Qxc5+ 13. Kh1 b4 14. Nd1 d6
15. a3 O-O 16. axb4 Qxb4 17. c3 Qc5 18. Ra4 e5 19. Ne3 Rfe8 20. Rc4 Qa5 21. Rb4
Bc6 22. Nc4 Qc5 23. fxe5 dxe5 24. Ne3 Red8 25. Nf5 Kf8 26. Qf3 Rxd3 27. Qxd3
Bb5 28. Qg3 Nh5 29. Qf2 Qxf2 30. Rxf2 Nf4 31. Rd2 Nd3 32. Rb3 Nc5 33. Ra3 Nxe4
34. Rd5 Re8 35. Kg1 g6 36. Ng3 Nxg3 37. hxg3 e4 38. Rd4 e3 39. Ra1 e2 40. Kf2
Rc8 41. Rc1 Bc4 42. Rb1 Bb5 43. Ke1 Rc5 44. Kd2 h5 45. Rc1 Rg5 46. c4 Bc6 47.
c5 Rxg3 48. Rd6 Bxg2 49. c6 Bxc6 50. Rdxc6 h4 51. Re1 g5 52. Rxe2 h3 53. Rf2 g4
54. Rxa6 Rg1 55. Ra7 Kg8 56. Rfxf7 h2 57. Rfb7 Rf1 58. Rg7+ 1/2-1/2

[Event "Maikop University"]
[Site "Maikop"]
[Date "1998.06.08"]
[Round "8"]
[White "Vlassov Nikolai"]
[Black "Karavaev Vladimir"]
[Result "0-1"]
[WhiteElo "2440"]
[BlackElo "2380"]
[PlyCount "107"]
[EventDate "1998.06.01"]

1. e4 c5 2. c3 d5 3. exd5 Qxd5 4. d4 cxd4 5. cxd4 Nc6 6. Nf3 e5 7. Nc3 Bb4 8.
Be2 exd4 9. O-O Bxc3 10. bxc3 d3 11. Bxd3 Nge7 12. Ba3 Bg4 13. c4 Qd7 14. Be4
O-O-O 15. Qb3 Bxf3 16. Bxf3 Nd4 17. Qc3 Nxf3+ 18. Qxf3 Nc6 19. Bb2 f6 20. Rad1
Qe6 21. Rd5 Rhe8 22. h4 Qe2 23. Qh3+ Qe6 24. Qg3 Rxd5 25. cxd5 Qxd5 26. Qg4+
Qd7 27. Qh5 g6 28. Qh6 f5 29. h5 Qf7 30. hxg6 Qxg6 31. Qh3 h5 32. Rc1 Qg4 33.
Qa3 Qe4 34. Qb3 h4 35. f3 Qe2 36. Qc2 h3 37. Qxf5+ Kb8 38. Qg6 hxg2 39. Rb1 a6
40. Bf6 Ka8 41. Qf7 Rb8 42. Qd5 Rf8 43. Qb3 Na5 44. Qd5 Nc6 45. Qb3 Rb8 46. Qd5
Qe3+ 47. Kxg2 Ne7 48. Bxe7 Qxe7 49. Rb6 Ka7 50. Rd6 Rc8 51. Rd7 Qe2+ 52. Kg3
Qe1+ 53. Kf4 Qc1+ 54. Kg4 0-1

[Event "Maikop University"]
[Site "Maikop"]
[Date "1998.06.08"]
[Round "8"]
[White "Lobach Pavel V"]
[Black "Saulin Dmitri"]
[Result "1/2-1/2"]
[WhiteElo "2395"]
[BlackElo "2375"]
[PlyCount "40"]
[EventDate "1998.06.01"]

1. d4 Nf6 2. c4 e6 3. Nf3 b6 4. g3 Ba6 5. b3 Bb4+ 6. Bd2 Be7 7. Bg2 c6 8. Bc3
d5 9. Nbd2 Nbd7 10. O-O O-O 11. Re1 c5 12. e4 dxe4 13. Nxe4 Nxe4 14. Rxe4 Bb7
15. Re2 Bf6 16. Rd2 Qe7 17. Qc2 cxd4 18. Nxd4 Bxg2 19. Kxg2 Nc5 20. f3 Qb7
1/2-1/2

[Event "Maikop University"]
[Site "Maikop"]
[Date "1998.06.09"]
[Round "9"]
[White "Ulibin Mikhail"]
[Black "Shipov Sergei"]
[Result "1/2-1/2"]
[WhiteElo "2575"]
[BlackElo "2620"]
[PlyCount "22"]
[EventDate "1998.06.01"]

1. d4 Nf6 2. c4 e6 3. g3 d5 4. Bg2 Be7 5. Nf3 O-O 6. O-O dxc4 7. Qc2 a6 8. a4
Bd7 9. Qxc4 Bc6 10. Bg5 a5 11. Nc3 Na6 1/2-1/2

[Event "Maikop University"]
[Site "Maikop"]
[Date "1998.06.09"]
[Round "9"]
[White "Kobalija Mihail"]
[Black "Rashkovsky Nukhim N"]
[Result "1/2-1/2"]
[WhiteElo "2500"]
[BlackElo "2505"]
[PlyCount "20"]
[EventDate "1998.06.01"]

1. Nf3 Nf6 2. g3 g6 3. Bg2 Bg7 4. O-O O-O 5. c4 d6 6. Nc3 Nc6 7. Rb1 Bf5 8. d3
Qd7 9. b4 e5 10. b5 Nd4 1/2-1/2

[Event "Maikop University"]
[Site "Maikop"]
[Date "1998.06.09"]
[Round "9"]
[White "Vorobiov Evgeny E"]
[Black "Shariyazdanov Andrey"]
[Result "1/2-1/2"]
[WhiteElo "2475"]
[BlackElo "2495"]
[PlyCount "20"]
[EventDate "1998.06.01"]

1. d4 Nf6 2. Nf3 e6 3. c4 c5 4. e3 d5 5. dxc5 Bxc5 6. a3 dxc4 7. Qxd8+ Kxd8 8.
Bxc4 Ke7 9. Ke2 a6 10. Rd1 b5 1/2-1/2

[Event "Maikop University"]
[Site "Maikop"]
[Date "1998.06.09"]
[Round "9"]
[White "Totsky Leonid"]
[Black "Vlassov Nikolai"]
[Result "1-0"]
[WhiteElo "2490"]
[BlackElo "2440"]
[PlyCount "87"]
[EventDate "1998.06.01"]

1. e4 Nc6 2. d4 d5 3. Nc3 Nf6 4. e5 Nd7 5. f4 Nb6 6. Be3 h5 7. Nf3 Bf5 8. Nh4
Bg4 9. Qd2 e6 10. h3 Be2 11. Bxe2 Qxh4+ 12. Bf2 Qe7 13. b3 f5 14. O-O h4 15. a4
a6 16. Nd1 Rd8 17. a5 Nd7 18. Nb2 g6 19. Nd3 Bh6 20. Ne1 g5 21. Nf3 g4 22. hxg4
fxg4 23. Nxh4 Qg7 24. g3 Ne7 25. Bd3 Nf8 26. Kg2 Rd7 27. Rh1 Qf7 28. Be3 Nf5
29. Nxf5 exf5 30. c3 Ng6 31. Qc2 Ne7 32. Rh2 Bg7 33. Rxh8+ Bxh8 34. Rh1 Bg7 35.
Kg1 Qg6 36. Rh4 Kf7 37. Qh2 Rd8 38. Rh5 Ke6 39. Bc1 Rf8 40. Ba3 Qe8 41. Qh4 Bf6
42. Rh6 Ng8 43. Bxf8 Qxf8 44. Rxf6+ 1-0

[Event "Maikop University"]
[Site "Maikop"]
[Date "1998.06.09"]
[Round "9"]
[White "Saulin Dmitri"]
[Black "Vokarev Sergey"]
[Result "0-1"]
[WhiteElo "2375"]
[BlackElo "2485"]
[PlyCount "42"]
[EventDate "1998.06.01"]

1. e4 c5 2. Nf3 g6 3. c3 Bg7 4. Bc4 d6 5. d4 cxd4 6. cxd4 Nf6 7. Nc3 O-O 8. Qe2
Bg4 9. h3 Bxf3 10. Qxf3 Nc6 11. Be3 Qb6 12. O-O-O Rac8 13. Rd2 Qb4 14. Be2 e5
15. Rhd1 d5 16. exd5 e4 17. Qf4 Ne7 18. Rc2 Nexd5 19. Nxd5 Rxc2+ 20. Kxc2 Nxd5
21. Qxe4 Rc8+ 0-1

[Event "Maikop University"]
[Site "Maikop"]
[Date "1998.06.09"]
[Round "9"]
[White "Rublevsky Sergei"]
[Black "Iskusnyh Sergei"]
[Result "1-0"]
[WhiteElo "2665"]
[BlackElo "2455"]
[PlyCount "67"]
[EventDate "1998.06.01"]

1. e4 c5 2. Nf3 Nc6 3. Bb5 g6 4. Bxc6 bxc6 5. O-O Bg7 6. Re1 Nh6 7. c3 O-O 8.
h3 f6 9. d4 cxd4 10. cxd4 d6 11. Nc3 Nf7 12. b3 Bd7 13. Bb2 Qb6 14. Rc1 Rad8
15. Qc2 e5 16. Red1 Rfe8 17. Na4 Qa6 18. Nd2 Bh6 19. Rb1 Qe2 20. Nc3 Qh5 21.
Nf1 Qh4 22. Ng3 Bxh3 23. gxh3 Ng5 24. Nce2 Nxh3+ 25. Kg2 Nxf2 26. Rh1 Nxh1 27.
Rxh1 Qg4 28. Rxh6 d5 29. Qxc6 dxe4 30. Qxe4 Qxe4+ 31. Nxe4 Kg7 32. Rh1 exd4 33.
Kf3 f5 34. Nc5 1-0

[Event "Maikop University"]
[Site "Maikop"]
[Date "1998.06.09"]
[Round "9"]
[White "Ibragimov Ildar"]
[Black "Zaitsev Vadim"]
[Result "0-1"]
[WhiteElo "2590"]
[BlackElo "2425"]
[PlyCount "86"]
[EventDate "1998.06.01"]

1. d4 Nf6 2. c4 g6 3. Nc3 Bg7 4. e4 d6 5. h3 O-O 6. Be3 Na6 7. Nge2 e5 8. d5 c6
9. g4 cxd5 10. cxd5 h5 11. g5 Nh7 12. Qd2 Bd7 13. Nc1 Rc8 14. Nb3 f5 15. gxf6
Nxf6 16. a3 Rxc3 17. Qxc3 Nxe4 18. Qc2 Qh4 19. Bg2 Ng3 20. Rg1 Nf5 21. Qe4 Qf6
22. Nd2 Nd4 23. Qb1 Nc5 24. Ne4 Qf5 25. b4 Na4 26. Qa2 Bb5 27. Rc1 Rc8 28. Kd2
Nc3 29. Rxc3 Rxc3 30. Kxc3 Ne2+ 31. Kb2 Nxg1 32. a4 Bd3 33. Nxd6 e4+ 34. Ka3
Qe5 35. Nb5 Ne2 36. d6+ Kh7 37. d7 Nc3 38. Nxc3 Qxc3+ 39. Qb3 Qa1+ 40. Qa2 Qc3+
41. Qb3 Qa1+ 42. Qa2 Bb2+ 43. Kb3 Bc4+ 0-1